Greens - Sudden Death - Statistics

General Stats
  • This quiz has been taken 249 times
  • The average score is 3 of 16
Answers on the Grid
Answers color-coded by a green-red scale on the quiz's grid according to % correct below.
Chartreuse
Teal
Spruce
Shamrock
Meadow
Lime
Electric Lime
Olive
Shadow
Inchworm
Granny Smith Apple
Asparagus
Emerald
Fern
Glow in the Dark
Tropical Rain Forest
Turquoise
Cucumber
Sea Spray
Ectoplasm
Bayou
Brightingale
Cabbage
Periwinkle
Lettuce
Green Apple
Camembert
Broccoli Bunch
 
Answer Stats
Answer % Correct
Lime
42%
Emerald
41%
Olive
37%
Shamrock
30%
Fern
22%
Asparagus
17%
Electric Lime
17%
Granny Smith Apple
17%
Teal
16%
Chartreuse
15%
Meadow
12%
Spruce
11%
Glow in the Dark
5%
Inchworm
5%
Tropical Rain Forest
5%
Shadow
1%
No matching quizzes found
Score Distribution
Percent of People with Each Score
Percentile by Number Answered
Your Score History
You have not taken this quiz